Football - De A à Z #2 - Statistiques

Statistiques générales
  • Ce quiz a été pris 204 fois
    202 depuis la dernière actualisation
  • Le résultat moyen est 12 sur 26
Statistiques - réponses
Description Réponse % Correct
J Joueur brésilien connu comme l'un des maitres des coups francs Juninho
86%
E Entraineur espagnol passé par le PSG, Arsenal ou encore Aston Villa Unai Emery
82%
Y Club suisse vainqueur de 6 des 7 Super League entre 2018 et 2024 BSC Young Boys
76%
N Milieu de terrain belge passé par Cagliari, l'AS Rome ou encore l'Inter Milan Radja Nainggolan
71%
C Milieu offensif ayant disputé plus de 700 matchs avec Manchester United. Il remporte la Coupe du Monde 1966 avec l'Angletterre Robert « Bobby » Charlton
67%
T Il a été élu 4 fois meilleur défenseur de Premier League avec Chelsea John Terry
65%
X Abréviation du terme "expected goal" ou "but attendu" xG
64%
I Ce club formé en 1878 dans une petite ville de l'est de l'Angleterre a remporté le Championnat d'Angleterre en 1962 et la Coupe UEFA en 1981 Ipswich Town
63%
A Club formé le plus ancien de Belgique, qui porte à ce titre le matricule 1 Royal Antwerp FC
61%
Q Club le plus titré du championnat d'Azerbaïdjan Qarabağ FK
57%
B Vainqueure du Ballon d'Or féminin en 2023 et 2024 Aitana Bonmatí
55%
F En 2023, il devient le transfert entrant le plus cher de l'histoire de la Premier League (121 millions d'euros) Enzo Fernandez
55%
G 2 clubs de cette ville ont remporté plus de 50 fois le championnat national Glasgow
55%
Z Milieu de terrain polonais évoluant depuis 2012 en Italie Piotr Zieliński
53%
S Club de Ligue 1 au début des années 2000, descendu jusqu'au niveau régional suite à une liquidation judiciaire CS Sedan Ardennes
51%
D Défenseur vainqueur du Trophée Kopa de meilleur jeune joueur en 2019 Matthijs de Ligt
51%
P Joueuse la plus sélectionnée de la sélection espagnole féminine Alexia Putellas
49%
H Gardien spectaculaire connu pour son arrêt au coup du scorpion René Higuita
45%
L Surnom de l'équipe nationale congolaise Les Léopards
25%
R Terme italien qui désigne un meneur de jeu reculé, à la position théorique d’un numéro 6 Regista
25%
M En 2019, ce club remporte la Coupe de Belgique alors qu'il se trouve en 2e division KV Malines
20%
W Tactique en 3-2-2-3 mise au point suite de la réforme de la règle du hors-jeu dans les années 1920 W-M
5%
K En 2024, cette joueuse zambienne devient le transfert le plus cher de l'histoire du football féminin (794 000 €) Racheal Kundananji
4%
V Joueur et entraineur bruxellois surnommé "Le petit Prince du Parc Astrid" Frank Vercauteren
3%
U Club suédois qui a remporté 2 Ligues des Champions féminines Umeå IK
3%
O En 1998, il inscrit le but le plus rapide de l'histoire (2,8 secondes) en championnat d'Uruguay Ricardo Oliveira
2%
Aucun quiz correspondant
Distribution des résultats
% des personnes avec chaque résultat
Percentile par nombre de réponses
Votre historique - résultats
Vous n’avez pas pris ce quiz depuis la dernière actualisation